Movies Quiz

Random Movies Quiz

Finish The Angelina Jolie Title Quiz Stats

 Plays Quiz not verified by Sporcle

Support Sporcle.
Go Orange.
Score 0/22 Timer 03:00
0 Plays Today
Movie Titles Missing Word % Correct
Mr. & Mrs._____Smith
99.3%
Lara Croft: ____ RaiderTomb
99.3%
Kung Fu ____ Panda
98.5%
Gone In ____ SecondsSixty
97.1%
The ____ Shepherd Good
91.2%
The _____ CollectorBone
88.2%
Girl,_____Interrupted
84.6%
Life ___ Something Like ItOr
84.6%
____ Captain and the World of TomorrowSky
78.7%
Lara Croft Tomb Raider: The ___ of LifeCradle
67.6%
____ TaleShark
64%
Movie Titles Missing Word % Correct
___ Is All there IsLove
61.8%
Pushing _____Tin
58.8%
Taking ____Lives
55.1%
Hell's ____Kitchen
48.5%
A _____ HeartMighty
47.1%
Lookin To ____ OutGet
44.9%
Beyond _____Borders
44.1%
Playing ____ HeartBy
39%
_____ GodPlaying
38.2%
____ MoonMojave
24.3%
Without ______Evidence
22.8%

You're not logged in!

Compare scores with friends on all Sporcle quizzes.
OR
Log In

From the Vault

TV Show Characters V

by SporcleEXP

In real life, there's no humorous advantage to having wacky neighbors.
Remove Ads.
Support Sporcle.
Get the best of Sporcle when you Go Orange. This ad-free experience offers more features, more stats, and more fun while also helping to support Sporcle. Thank you for becoming a member.

Show Comments

Extras

Created Feb 15, 2011ReportNominate
Tags:angelina, finish

Top Quizzes Today


Score Distribution

Your Account Isn't Verified!

In order to create a playlist on Sporcle, you need to verify the email address you used during registration. Go to your Sporcle Settings to finish the process.

Report this User

Report this user for behavior that violates our Community Guidelines.

Details: